01610nam a22002297a 450000500170000000800410001702000180005804000070007604100080008308200220009110000240011324500590013726000300019630000280022636500630025452007720031765000680108970000390115794200120119699900190120895201530122720230314155300.0230311b ||||| |||| 00| 0 eng d a9781032501536 cAL aeng 223a515.353bPOLH aPolyanin A D975080 aHandbook of first order partial differential equations aNew YorkbCRC Pressc2023 axiv,500p.bHBc23x16cm. 2Generala8197b₹4676.00c₹d₹5995.00e22%f3-03-2023 aThis book contains about 3000 first-order partial differential equations with solutions. New exact solutions to linear and nonlinear equations are included. The text pays special attention to equations of the general form, showing their dependence upon arbitrary functions. At the beginning of each section, basic solution methods for the corresponding types of differential equations are outlined and specific examples are considered. It presents equations and their applications, including differential geometry, nonlinear mechanics, gas dynamics, heat and mass transfer, wave theory and much more. This handbook is an essential reference source for researchers, engineers and students of applied mathematics, mechanics, control theory and the engineering sciences. 2Natural sciences and mathematicsaDifferential Equations975081 aZaitsev, V F; Moussiaux, A.975082 2ddccBK c227008d227008 00102ddc40708MATaSACPGbSACPGd2023-03-08eBiblios Book Pointg4676.00l0o515.353 POLHpPG024251r2023-03-11 00:00:00v5995.00w2023-03-11yBK